[Event "Barletta Mascolo Memorial 5th"]
[Site "Barletta"]
[Date "2013.09.29"]
[Round "2"]
[White "Losurdo, Gennaro"]
[Black "Mininni, Saverio"]
[Result "1-0"]
[WhiteElo "1425"]
[BlackElo "1706"]
[PlyCount "95"]
[EventDate "2013.09.28"]
[EventType "swiss"]
[EventRounds "6"]
[EventCountry "ITA"]
[SourceTitle "EXT 2015"]
[Source "ChessBase"]
[SourceDate "2014.11.20"]
[SourceVersion "1"]
[SourceVersionDate "2014.11.20"]
[SourceQuality "1"]

1. e4 e5 2. Nf3 d6 3. d4 exd4 4. Nxd4 Nf6 5. Nc3 Be7 6. Bc4 0-0 7. 0-0 h6 8. Re1 Nbd7 9. f4 Nb6 10. Bd3 c5 11. Nf3 Bg4 12. Be2 Nh7 13. h3 Be6 14. b3 d5 15. e5 d4 16. Ne4 Nd5 17. Bd3 b6 18. Qe2 Qc8 19. Bd2 Qb7 20. Ng3 Qc8 21. f5 Bd7 22. Qe4 Bc6 23. Qg4 f6 24. e6 Kh8 25. Nh5 Rg8 26. Nh4 Be8 27. Ng6+ Bxg6 28. Qxg6 Qe8 29. Qg4 Ng5 30. h4 Nh7 31. Be4 Rd8 32. Bxd5 Rxd5 33. Nf4 g5 34. Nxd5 gxh4 35. Qxh4 Qc6 36. Qe4 Qe8 37. Bxh6 Bd6 38. Kf2 Qh5 39. Rh1 Bg3+ 40. Kg1 Qe8 41. Nxf6 Nxf6 42. Bf4+ Nh7 43. Qe5+ Rg7 44. Bxg3 Kg8 45. Kf2 Qc6 46. Qb8+ Nf8 47. Rh8+ Kxh8 48. Qxf8+ 1-0

[Event "Barletta Mascolo Memorial 5th"]
[Site "Barletta"]
[Date "2013.09.29"]
[Round "3"]
[White "Mininni, Saverio"]
[Black "Martire, Ruggiero"]
[Result "0-1"]
[WhiteElo "1706"]
[BlackElo "1617"]
[PlyCount "94"]
[EventDate "2013.09.28"]
[EventType "swiss"]
[EventRounds "6"]
[EventCountry "ITA"]
[SourceTitle "EXT 2015"]
[Source "ChessBase"]
[SourceDate "2014.11.20"]
[SourceVersion "1"]
[SourceVersionDate "2014.11.20"]
[SourceQuality "1"]

1. e4 Nf6 2. d3 g6 3. Nf3 Bg7 4. Be2 d6 5. 0-0 c5 6. c3 Nc6 7. Bg5 Bd7 8. Bxf6 Bxf6 9. Nbd2 0-0 10. h3 b5 11. Rb1 Qc7 12. Nh2 Bg7 13. Bg4 Ne5 14. Qe2 f5 15. exf5 gxf5 16. Bf3 Rad8 17. Bd5+ e6 18. Bb3 d5 19. Bc2 Ng6 20. Rfe1 e5 21. Nhf3 e4 22. dxe4 fxe4 23. Nh2 Bh6 24. f3 e3 25. Bxg6 exd2 26. Bxh7+ Kxh7 27. Qd3+ Bf5 28. Qxb5 dxe1Q+ 29. Rxe1 d4 30. cxd4 cxd4 31. Qb4 Be3+ 32. Kh1 Rfe8 33. Nf1 Bf2 34. Rd1 Bc2 35. Rc1 d3 36. Nd2 Rd4 37. Qa3 Re1+ 38. Rxe1 Bxe1 39. Ne4 Rxe4 40. fxe4 d2 41. Qf8 Bxe4 42. Qe8 Bxg2+ 43. Kxg2 Qg3+ 44. Kh1 Qf3+ 45. Kh2 Bg3+ 46. Kg1 Qf2+ 47. Kh1 Qf1# 0-1

[Event "Campobasso op 20th"]
[Site "Campobasso"]
[Date "2013.08.04"]
[Round "5"]
[White "Baltzopoulos, Giorgos"]
[Black "Mininni, Saverio"]
[Result "1-0"]
[WhiteElo "1950"]
[BlackElo "1491"]
[PlyCount "93"]
[EventDate "2013.08.02"]
[EventType "swiss"]
[EventRounds "6"]
[EventCountry "ITA"]
[SourceTitle "EXT 2015"]
[Source "ChessBase"]
[SourceDate "2014.11.20"]
[SourceVersion "1"]
[SourceVersionDate "2014.11.20"]
[SourceQuality "1"]

1. e4 c5 2. Nf3 e6 3. d4 Nf6 4. Nc3 cxd4 5. Nxd4 Bb4 6. Bd3 Bxc3+ 7. bxc3 Nc6 8. 0-0 0-0 9. Nf3 d6 10. Bg5 e5 11. Nd2 h6 12. Bh4 Bg4 13. f3 Be6 14. Kh1 g5 15. Be1 Qc7 16. Nc4 Ne7 17. Ne3 Ng6 18. g3 Rad8 19. c4 Qc5 20. Bf2 Qc8 21. Rb1 b6 22. Qd2 Bh3 23. Rfc1 Be6 24. Nd5 Bxd5 25. cxd5 Rd7 26. a4 Rc7 27. a5 Nd7 28. axb6 axb6 29. Bxb6 Nxb6 30. Rxb6 Rd8 31. Qb4 Rc5 32. Ra1 h5 33. Raa6 Qc7 34. Rb7 Qc8 35. Raa7 Rf8 36. Rd7 h4 37. Qd2 h3 38. Qxg5 Rxc2 39. Qxg6+ Kh8 40. Qh5+ Kg8 41. Qg4+ Kh8 42. Qxh3+ Kg8 43. Qg4+ Kh8 44. Bxc2 Qxc2 45. Rxf7 Rxf7 46. Qh5+ Kg7 47. Rxf7+ 1-0

[Event "Campobasso op 20th"]
[Site "Campobasso"]
[Date "2013.08.03"]
[Round "4"]
[White "Mininni, Saverio"]
[Black "Cipollaro, Giovanni"]
[Result "0-1"]
[WhiteElo "1491"]
[BlackElo "1913"]
[PlyCount "84"]
[EventDate "2013.08.02"]
[EventType "swiss"]
[EventRounds "6"]
[EventCountry "ITA"]
[SourceTitle "EXT 2015"]
[Source "ChessBase"]
[SourceDate "2014.11.20"]
[SourceVersion "1"]
[SourceVersionDate "2014.11.20"]
[SourceQuality "1"]

1. e4 c6 2. Nf3 d5 3. exd5 cxd5 4. d4 Nf6 5. Bb5+ Bd7 6. Bxd7+ Nbxd7 7. 0-0 e6 8. Bg5 Be7 9. Bxf6 Nxf6 10. c3 0-0 11. Nbd2 a6 12. h3 b5 13. a3 a5 14. Ne5 Qb6 15. b4 Rfc8 16. Qb3 Qc7 17. Rfc1 axb4 18. cxb4 Qxc1+ 19. Rxc1 Rxc1+ 20. Kh2 Rc7 21. Nd3 Ne8 22. Nc5 Nd6 23. Qg3 Rca7 24. Nb1 Nc4 25. Qd3 Bd6+ 26. g3 Be7 27. h4 h5 28. Qe2 g6 29. Nc3 Nxa3 30. Nxb5 Nxb5 31. Qxb5 Ra2 32. Nd3 Bf6 33. Qc5 R8a3 34. Nf4 Rxf2+ 35. Kg1 Rd2 36. Qc1 Bxd4+ 37. Kf1 Ra1 38. Ke1 Rxc1+ 39. Kxd2 Rc4 40. Nd3 Bc3+ 41. Ke3 Bxb4 42. Ne5 Re4+ 0-1